000 00273nam a22001097a 4500
008 170112b xxu||||| |||| 00| 0 eng d
020 _a9780323057011
041 _aeng
080 _23RD
_a618.2
245 _aGERONTOLOGICAL NURSING HEALTHY AGING
_cTOUHY & JET
942 _2udc
_cBK
999 _c2812
_d2812